000 00364nam a22001217a 4500
008 090527t xxu||||| |||| 00| 0 eng d
082 _222
_a621.38152
_bRAO
245 _aIntroduction to Semiconductor devices/
_cK. J. M. Rao
260 _aNew Delhi:
_bOxford & IBH Publishing,
_c1977
300 _a220p.:
_bill.;
_c21 cm.
500 _aIncludes index
942 _2ddc
_cBB
999 _c11648
_d11648